| 000 | 00577nam a2200217 a 4500 | ||
|---|---|---|---|
| 001 | 0001-1979 | ||
| 003 | ELIB.Books | ||
| 008 | 190128 2010 eng | ||
| 020 | _a0664250394 | ||
| 092 |
_a259.23 Row _bRow |
||
| 100 | _aRowatt, G. Wade. | ||
| 245 | _aPastoral Care with Adolescents in Crisis | ||
| 260 |
_aLouisville _bJohn Knox Press _c1989 |
||
| 300 |
_a168 _c20.4 cm |
||
| 650 | _apastoral Couseling | ||
| 856 |
_nKBTS Library _uKBTS Elib |
||
| 942 |
_2ddc _cBK |
||
| 990 | _a2 | ||
| 998 |
_aEnglishbooks.elf _ccat _e2019-01-28 |
||
| 999 |
_c11979 _d11979 |
||